Ottův obchodní slovník

Saved in:
Bibliographic Details
Format: Book
Language:Czech
Published: Praha Otto 1950
Tags: Add Tag
No Tags, Be the first to tag this record!

MARC

LEADER 00000nam a2200000 4500
001 c123268
005 20251029072151.2
041 0 |a cze 
044 |a CZ 
245 1 0 |a Ottův obchodní slovník 
264 1 |a Praha  |b Otto  |c 1950 
300 |a 872 s.